00975nam a2200229 i 4500001000300000100003400003245017600037246003500213260006800248300004200316500006000358504003600418650002200454650003200476655003000508020001500538040000800553041001100561080003400572008004100606856009800647bg1 aALDRICH, Richard J.d(1925- )10aEkologia chwastów w roślinach uprawnych :bpodstawy zwalczania chwastów /cRichard J. Aldrich ; przekł. [z ang.] i adapt. Bronisław Połcik, Kazimierz Adamczewski. iTyt. oryg.:aWeed-crop ecology aOpole :bTowarzystwo Chemii i Inżynierii Ekologicznej,c1997. a461 s. :bfot., rys., wykr. ;c24 cm. aOryg. : "Weed-crop ecology" 1984. - Nazwa wydaw. w cop. aBibliogr. s. 435-449. - Indeks. 9aChwastyxekologia 9aChwastyxzwalczaniexmetody aPodręczniki akademickie a839056694X cBPK1 aplhen a633:632.5:632.9:581.5](075.8) s pl f |000 0 pol  uhttp://koha.tu.koszalin.pl/cgi-bin/koha/opac-detail.pl?biblionumber=36703yKatalog online BPK